| 000 -LEADER |
| fixed length control field |
00367nam a2200157Ia 4500 |
| 008 - FIXED-LENGTH DATA ELEMENTS--GENERAL INFORMATION |
| fixed length control field |
200103s9999||||xx |||||||||||||| ||und|| |
| 020 ## - INTERNATIONAL STANDARD BOOK NUMBER |
| International Standard Book Number |
0070545952, |
| 082 ## - DEWEY DECIMAL CLASSIFICATION NUMBER |
| Classification number |
Column-19 |
| 100 ## - MAIN ENTRY--PERSONAL NAME |
| Personal name |
Samuelson, Paul A. |
| 245 #0 - TITLE STATEMENT |
| Title |
Economics |
| 250 ## - EDITION STATEMENT |
| Edition statement |
11th Ed. |
| 260 ## - PUBLICATION, DISTRIBUTION, ETC. (IMPRINT) |
| Name of publisher, distributor, etc |
McGraw-Hill Book Company, Inc. |
| Date of publication, distribution, etc |
1980 |
| 300 ## - PHYSICAL DESCRIPTION |
| Extent |
xxv, 861 |
| 942 ## - ADDED ENTRY ELEMENTS (KOHA) |
| Item type |
Books |